[Event "Gibraltar Masters 2019"]
[Site "Caleta ENG"]
[Date "2019.01.31"]
[Round "10.67"]
[White "Byron,A"]
[Black "Wemmers,X"]
[Result "1/2-1/2"]
[WhiteElo "2157"]
[BlackElo "2418"]

1.e4 e5 2.Nf3 Nc6 3.Bc4 Nf6 4.d3 Be7 5.O-O O-O 6.Re1 d6 7.a4 Be6 8.Nbd2 Qd7
9.c3 h6 10.b4 Rae8 11.Bxe6 Qxe6 12.Nc4 Bd8 13.b5 Ne7 14.a5 Nd7 15.Ba3 b6
16.Qb3 Kh8 17.d4 Ng6 18.Ncd2 Qg4 19.h3 Qh5 20.Nf1 Nf4 21.Ng3 Qg6 22.Bc1 Ne6
23.Qc4 Bf6 24.Be3 exd4 25.cxd4 bxa5 26.Rxa5 Nb6 27.Qc6 d5 28.e5 Be7 29.Rxa7 Rb8
30.Rea1 Rfd8 31.Ne2 Nc4 32.Nf4 Nxf4 33.Bxf4 Qxc6 34.bxc6 Rbc8 35.Rb7 Re8
36.Raa7 Bd8 37.Rb5 Nb6 38.Bd2 Re6 39.Rc5 Be7 40.Rb5 Rxc6 41.Ba5 Rc1+ 42.Kh2 Nd7
43.Rxd5 Nf8 44.Bd2 Rc2 45.Rda5 Ng6 46.Ra8 Rxa8 47.Rxa8+ Kh7 48.Be3 f6 49.e6 Rc6
50.d5 Rd6 51.Bc5 Rxd5 52.Bxe7 Nxe7 53.Re8 Nc6 54.Rc8  1/2-1/2

[Event "Gibraltar Masters 2019"]
[Site "Caleta ENG"]
[Date "2019.01.31"]
[Round "10.66"]
[White "Buksa,N"]
[Black "Osmanodja,F"]
[Result "1-0"]
[WhiteElo "2420"]
[BlackElo "2318"]

1.e4 e5 2.Nf3 Nc6 3.Bb5 a6 4.Ba4 d6 5.O-O Bd7 6.d4 Nf6 7.c3 g6 8.Re1 Bg7
9.h3 O-O 10.Nbd2 b5 11.Bc2 Re8 12.Nf1 Na5 13.b3 Nh5 14.dxe5 dxe5 15.Bg5 Qc8
16.Qd2 Nb7 17.Bh6 Nd6 18.Rad1 Bc6 19.N1h2 Nf6 20.Bxg7 Kxg7 21.Nxe5 Rxe5 22.Qd4 Rg5
23.h4 Rg4 24.Nxg4 Qxg4 25.f3 Qg3 26.e5 Bxf3 27.exf6+ Kg8 28.Qf2 Qxf2+ 29.Kxf2 Bxd1
30.Rxd1 Re8 31.g4 h6 32.Rd5 Re6 33.g5 hxg5 34.hxg5 Kf8 35.Rc5 Ne8 36.b4 Rd6
37.Bb3 c6 38.Re5 Rd7 39.Ke3 Nc7 40.Kf4 Ne8 41.Rc5 Rd6 42.Ke5 Kg8 43.a3 Kf8
44.Bc2 Re6+ 45.Kf4 Nc7 46.Bb3 Rd6 47.Ke5 Ne8 48.a4 Kg8 49.a5 Kf8 50.Bc2 Re6+
51.Kf4 Nc7 52.Be4 Re8 53.Rxc6 Ne6+ 54.Kg3 Nxg5 55.Bd5 Kg8 56.Rxa6 Re3+ 57.Kf4 Rd3
58.Kxg5 Rxd5+ 59.Kg4 Rd1 60.Rb6 Rg1+ 61.Kf4 g5+ 62.Ke4 Kh7 63.Rxb5 Re1+ 64.Kf5 Kh6
65.a6  1-0

[Event "Gibraltar Masters 2019"]
[Site "Caleta ENG"]
[Date "2019.01.31"]
[Round "10.65"]
[White "Risting,Eivind Olav"]
[Black "Szczepkowska Horowska,K"]
[Result "1-0"]
[WhiteElo "2281"]
[BlackElo "2426"]

1.d4 Nf6 2.c4 e6 3.Nf3 Bb4+ 4.Bd2 Qe7 5.g3 Bxd2+ 6.Qxd2 Nc6 7.Bg2 Ne4 8.Qc2 Qb4+
9.Kf1 d5 10.b3 O-O 11.e3 Qe7 12.Nbd2 Nxd2+ 13.Nxd2 dxc4 14.Nxc4 Bd7 15.a3 Rab8
16.h4 Qf6 17.Be4 g6 18.h5 e5 19.d5 Ne7 20.Qc3 Bb5 21.Kg2 Bxc4 22.bxc4 Nf5
23.c5 b6 24.Rab1 Rbd8 25.a4 bxc5 26.Qxc5 Nd6 27.Bf3 e4 28.Be2 Nc8 29.Rhd1 Nb6
30.a5 Na4 31.Qd4 Qxd4 32.Rxd4 Nc3 33.Rb2 Rb8 34.Rc2 Rb3 35.Bf1 Kg7 36.Rc4 Nxd5
37.Rxe4 Ra3 38.a6 Rb8 39.Rd4 Nc3 40.hxg6 hxg6 41.Rd7 Nb5 42.Rc5 Nd6 43.Rcxc7 Rb6
44.Rxa7 Ra2 45.Rac7 Nf5 46.Rxf7+ Kh6 47.e4 Ne3+ 48.Kg1 Nxf1 49.Kxf1 Rbxa6
50.Kg2 Re6 51.Rce7 Rb6 52.Kh3 g5 53.Kg4 Kg6 54.e5  1-0

[Event "Gibraltar Masters 2019"]
[Site "Caleta ENG"]
[Date "2019.01.31"]
[Round "10.64"]
[White "Larino Nieto,D"]
[Black "Bellon Lopez,JuM"]
[Result "0-1"]
[WhiteElo "2432"]
[BlackElo "2332"]

1.Nf3 d5 2.b3 c6 3.Bb2 Nf6 4.d3 Bg4 5.Nbd2 Qa5 6.a3 Bxf3 7.exf3 e6 8.g3 Nbd7
9.f4 g6 10.Bg2 Bg7 11.O-O O-O 12.b4 Qc7 13.c4 Ne8 14.Qc2 a5 15.c5 Bxb2 16.Qxb2 Ng7
17.Nf3 Nf5 18.h4 b6 19.Qc3 Rfb8 20.Bh3 bxc5 21.bxc5 Rb5 22.Bxf5 gxf5 23.Nd4 Rxc5
24.Qd2 a4 25.Qe3 Qd6 26.Rfb1 Rc3 27.h5 Nc5 28.Rd1 h6 29.Rac1 Rxa3 30.Nxc6 Nb3
31.Ne5 Nxc1 32.Rxc1 d4 33.Qf3 Qd5 34.Qe2 Rc3 35.Ra1 Rac8 36.Nc4 R8xc4 37.dxc4 Qxc4
38.Qe5 d3 39.Qf6 Rc1+ 40.Rxc1 Qxc1+ 41.Kh2 Qc7 42.Qd4 a3 43.Qxd3 Qa5 44.Qb1 a2
45.Qa1 Qd2 46.Kh3 Qxf2 47.Qc1 Qd4  0-1

[Event "Gibraltar Masters 2019"]
[Site "Caleta ENG"]
[Date "2019.01.31"]
[Round "10.62"]
[White "Haldorsen,Benjamin"]
[Black "Sidhant,M"]
[Result "0-1"]
[WhiteElo "2454"]
[BlackElo "2344"]

1.e4 c5 2.Nf3 d6 3.d4 cxd4 4.Nxd4 Nf6 5.Nc3 a6 6.h3 e5 7.Nb3 Be7 8.g4 Be6
9.g5 Nfd7 10.h4 b5 11.Bh3 Bxh3 12.Rxh3 Nb6 13.Nd5 N8d7 14.Nxe7 Qxe7 15.Na5 Nc5
16.Be3 O-O 17.h5 f5 18.exf5 Rxf5 19.Rf3 Rxf3 20.Qxf3 d5 21.O-O-O d4 22.Bd2 e4
23.Qg3 e3 24.fxe3 Ne4 25.Qg4 Nf2 26.Qxd4 Nxd1 27.Qxb6 Nf2 28.g6 Qg5 29.Qe6+ Kh8
30.b3 Qxh5 31.gxh7 Qd1+ 32.Kb2 Qxd2 33.Nc6 Nd1+  0-1

[Event "Gibraltar Masters 2019"]
[Site "Caleta ENG"]
[Date "2019.01.31"]
[Round "10.61"]
[White "Barski,R"]
[Black "Karim,I"]
[Result "1-0"]
[WhiteElo "2458"]
[BlackElo "2347"]

1.e4 c5 2.Nf3 Nc6 3.Bb5 g6 4.Bxc6 dxc6 5.d3 Bg7 6.h3 Nf6 7.Nc3 Nd7 8.Be3 e5
9.O-O Qe7 10.Qd2 h6 11.Nh2 Nf8 12.f4 exf4 13.Bxf4 g5 14.Bg3 Be6 15.e5 Ng6
16.Nf3 Bd5 17.Nxd5 cxd5 18.d4 O-O 19.Rae1 c4 20.Nh2 Rac8 21.Ng4 Rc6 22.Rf3 Kh7
23.c3 Re6 24.Ref1 f6 25.Qc2 h5 26.exf6 Bxf6 27.Ne5 Bxe5 28.Rxf8 Bxg3 29.R1f7+ Qxf7
30.Rxf7+ Kh6 31.h4 Re4 32.hxg5+ Kxg5 33.Rf3 Re1+ 34.Rf1 Bh2+ 35.Kxh2 Rxf1
36.Qd2+ Kf6 37.Qe2 Rf5 38.Qe8  1-0

[Event "Gibraltar Masters 2019"]
[Site "Caleta ENG"]
[Date "2019.01.31"]
[Round "10.60"]
[White "Batsiashvili,N"]
[Black "Doluhanova,E"]
[Result "1-0"]
[WhiteElo "2459"]
[BlackElo "2348"]

1.d4 Nf6 2.c4 e6 3.g3 d5 4.Bg2 dxc4 5.Nf3 c5 6.O-O Nc6 7.dxc5 Qxd1 8.Rxd1 Bxc5
9.Nbd2 O-O 10.Nxc4 Ng4 11.e3 Rb8 12.h3 b5 13.Ncd2 Nf6 14.Nb3 Bb6 15.Bd2 Bb7
16.Rdc1 Ne4 17.Be1 Rfe8 18.Rc2 a5 19.a4 b4 20.Rac1 Ne7 21.Nfd2 Nd6 22.Bxb7 Rxb7
23.Nf1 g6 24.Nfd2 e5 25.Nc4 Nxc4 26.Rxc4 f5 27.e4 fxe4 28.Rxe4 Nd5 29.g4 Rbe7
30.Nd2 Bd4 31.Rc2 Re6 32.Nb3 Bb6 33.Rd2  1-0

[Event "Gibraltar Masters 2019"]
[Site "Caleta ENG"]
[Date "2019.01.31"]
[Round "10.59"]
[White "Bellin,R"]
[Black "Pogonina,N"]
[Result "0-1"]
[WhiteElo "2312"]
[BlackElo "2465"]

1.g3 d5 2.Bg2 Nf6 3.d3 g6 4.f4 c6 5.Nf3 Qb6 6.e3 Bg4 7.h3 Bxf3 8.Qxf3 Bg7
9.Nd2 O-O 10.O-O a5 11.a4 Na6 12.Rf2 Nd7 13.c3 Nac5 14.Qe2 Nb3 15.Nxb3 Qxb3
16.Ra3 Qb6 17.d4 f5 18.g4 Nf6 19.Bf3 Rac8 20.Qd1 e6 21.b4 axb4 22.a5 Qa7
23.cxb4 Rf7 24.Qa4 Bf8 25.g5 Ne8 26.Rc2 Nd6 27.Be2 h6 28.h4 hxg5 29.hxg5 Rh7
30.Qb3 Ne4 31.Raa2 Qb8 32.Bf1 Bd6 33.Bg2 Qa7 34.b5 c5 35.Qd3 c4 36.Qe2 Bb4
37.Bxe4 fxe4 38.Qg4 Kf7 39.Rh2 Rch8 40.Rxh7+ Rxh7 41.a6 Bd6 42.Ba3 Bxa3 43.Rxa3 Rh8
44.Qe2 Kg7 45.Qb2 b6 46.Qb4 Qd7 47.Kf2 e5 48.a7 exf4 49.exf4 Ra8 50.Kg3 Kf7
51.Ra6 Rh8  0-1

[Event "Gibraltar Masters 2019"]
[Site "Caleta ENG"]
[Date "2019.01.31"]
[Round "10.58"]
[White "Khademalsharieh,S"]
[Black "Taylor,Adam C"]
[Result "0-1"]
[WhiteElo "2468"]
[BlackElo "2356"]

1.d4 Nf6 2.c4 e6 3.Nf3 d5 4.Nc3 c5 5.cxd5 Nxd5 6.e4 Nxc3 7.bxc3 cxd4 8.cxd4 Bb4+
9.Bd2 Bxd2+ 10.Qxd2 O-O 11.Bc4 Nd7 12.O-O b6 13.Rfe1 Bb7 14.Rad1 Rc8 15.Bd3 Re8
16.Qf4 Qc7 17.e5 Nf8 18.h4 Ng6 19.Qg4 Bxf3 20.gxf3 Qe7 21.h5 Nh4 22.Kh2 f5
23.exf6 Qxf6 24.Be4 Rf8 25.Re3 Nf5 26.Ra3 Rc7 27.Rb3 Nd6 28.Bb1 Kh8 29.Re3 Nf5
30.Re5 Rd7 31.Bxf5 exf5 32.Qf4 Qf7 33.Kg2 Qxh5 34.Re6 Rd5 35.Rh1 Qf7 36.Qh2 Qg8
37.Rg6 Rf6 38.Rg5 Rdd6 39.Qg3 Qf7 40.Qe5 Rg6 41.f4 h6 42.Rh3 Rde6 43.Qd5 Kg8
44.Rgg3 Re4 45.Qa8+ Re8 46.Qf3 Rxg3+ 47.Rxg3 Qxa2 48.Qh5 Qd5+ 49.Kh2 Re6
50.Rg2 Re7 51.Qh4 Rd7 52.Qh5 Qe4 53.Rg3 Rd6 54.f3 Qxf4 55.Qe8+ Kh7 56.Qf7 Qh4+  0-1

[Event "Gibraltar Masters 2019"]
[Site "Caleta ENG"]
[Date "2019.01.31"]
[Round "10.57"]
[White "Fenollar Jorda,M"]
[Black "Harika,D"]
[Result "0-1"]
[WhiteElo "2342"]
[BlackElo "2471"]

1.d4 d5 2.Bf4 e6 3.e3 Nf6 4.Nf3 Bd6 5.Bg3 c5 6.c3 Qc7 7.Nbd2 Nbd7 8.Bd3 O-O
9.O-O e5 10.dxe5 Nxe5 11.Nxe5 Bxe5 12.e4 Bxg3 13.hxg3 Bg4 14.Qb1 c4 15.Bc2 Rae8
16.Re1 Re5 17.exd5 Rxe1+ 18.Qxe1 Re8 19.Qc1 Qc5 20.Nf1 Qxd5 21.Qf4 Qb5 22.b3 Qa5
23.Qxc4 Rc8 24.Qd4 Qxc3 25.Qxc3 Rxc3 26.Bd1 h5 27.f3 Be6 28.Kf2 Nd5 29.Ke2 Bf5
30.Kd2 b5 31.Rc1 Rxc1 32.Kxc1 Bd3 33.Nh2 b4 34.Bc2 Bb5 35.Kd2 Kf8 36.Bd3 Bd7
37.Nf1 Ke7 38.Ne3 Nb6 39.Ba6 Kd6 40.Nc4+ Nxc4+ 41.Bxc4 Be6 42.Kd3 Bf5+ 43.Kd4 Bg6
44.Bd5 f6 45.Be4 Bf7 46.Ba8 a5 47.Be4 g5 48.f4 Be6 49.fxg5 fxg5 50.Bf3 Bf7
51.Be4 Be6 52.Bf3 Bf7 53.Be4 h4 54.gxh4 gxh4 55.Bf3 Bg6 56.Be4 Bh5 57.Ba8 Bd1
58.Be4 Be2 59.Ba8 Bf1 60.Be4 Ke6 61.Ke3 Ke5 62.Bc6 Ba6 63.Ba8 Bc8 64.Be4 Be6
65.Kd3 Bc8 66.Ke3 Bd7 67.Bf3 Bf5 68.Be2 Be4 69.Bf3 Bb1 70.Bd1 Kf5 71.Kf3 Be4+
72.Kf2 Kf4 73.Be2 Bb1 74.Bd1 Ke4 75.Ke2 Kd4  0-1

[Event "Gibraltar Masters 2019"]
[Site "Caleta ENG"]
[Date "2019.01.31"]
[Round "10.56"]
[White "Blesic,V"]
[Black "Gunina,V"]
[Result "0-1"]
[WhiteElo "2390"]
[BlackElo "2501"]

1.e4 c6 2.d4 d5 3.e5 Bf5 4.Nf3 e6 5.Be2 Nd7 6.O-O h6 7.c3 Ne7 8.Na3 Bh7 9.Nc2 Nf5
10.a4 Be7 11.a5 c5 12.dxc5 Nxc5 13.Bb5+ Kf8 14.Ncd4 a6 15.Be2 Qc7 16.Nxf5 Bxf5
17.Be3 Kg8 18.h3 Kh7 19.Nd4 Bg6 20.f4 Rhf8 21.f5 exf5 22.Nxf5 Qxe5 23.Bd4 Qc7
24.Bxg7 Rg8 25.Nxe7 Qxe7 26.Bd4 Ne4 27.Rf4 Qc7 28.Be3 Rae8 29.Bd3 Ng5 30.Qd2 d4
31.Bxd4 Nxh3+ 32.gxh3 Bxd3+ 33.Rg4 Bf5 34.Bb6 Qc4 35.Rxg8 Rxg8+ 36.Kh2 Qh4
37.Qe3 Bxh3 38.Qxh3 Qf4+ 39.Kh1 Qe4+ 40.Kh2 Qe5+ 41.Kh1 Rg3  0-1

[Event "Gibraltar Masters 2019"]
[Site "Caleta ENG"]
[Date "2019.01.31"]
[Round "10.55"]
[White "Zanan,E"]
[Black "Rahul,Srivatshav P"]
[Result "0-1"]
[WhiteElo "2528"]
[BlackElo "2370"]

1.e4 c6 2.d4 d5 3.exd5 cxd5 4.Bd3 Nc6 5.c3 Nf6 6.Bf4 g6 7.Qc2 Bg7 8.Nf3 Nh5
9.Be3 O-O 10.O-O f6 11.Rd1 Bg4 12.Be2 e5 13.dxe5 fxe5 14.Ng5 Bxe2 15.Qxe2 Qd7
16.Na3 Rad8 17.Nc2 Qe7 18.Nf3 e4 19.Nfd4 Ne5 20.b3 Nd3 21.Ne1 Nhf4 22.Qd2 Bxd4
23.cxd4 Qg5 24.Bxf4 Nxf4 25.Qe3 Rc8 26.Kf1 Qh4 27.h3 Rc3 28.Qxc3 Nxh3  0-1

[Event "Gibraltar Masters 2019"]
[Site "Caleta ENG"]
[Date "2019.01.31"]
[Round "10.54"]
[White "Kunin,V"]
[Black "Anand,N"]
[Result "1-0"]
[WhiteElo "2544"]
[BlackElo "2373"]

1.d4 Nf6 2.c4 e6 3.Nc3 Bb4 4.Bd2 O-O 5.Nf3 d5 6.e3 b6 7.cxd5 exd5 8.Qc2 Bb7
9.Bd3 a6 10.O-O Nbd7 11.Ng5 h6 12.Nh3 Bd6 13.Ne2 Ne4 14.Ng3 Nxg3 15.hxg3 Nf6
16.Nf4 Ne4 17.a3 Nxd2 18.Qxd2 Qg5 19.Be2 g6 20.Bf3 h5 21.Rfc1 Rad8 22.b4 Rfe8
23.Rc2 h4 24.gxh4 Qxh4 25.g3 Qg5 26.Rac1 Re7 27.Bg2 Ra8 28.Rc3 Rd8 29.Qa2 c6
30.Qd2 Ree8 31.Kf1 Re7 32.Bf3 Qf5 33.Kg2 Bxf4 34.exf4 Kg7 35.Re3 Rde8 36.Re5 Rxe5
37.dxe5 g5 38.fxg5 Qxe5 39.Rh1 Rh8 40.Re1 Qd6 41.Qd4+ f6 42.gxf6+  1-0

[Event "Gibraltar Masters 2019"]
[Site "Caleta ENG"]
[Date "2019.01.31"]
[Round "10.53"]
[White "Lagno,Kateryna"]
[Black "Seeman,T"]
[Result "1-0"]
[WhiteElo "2560"]
[BlackElo "2386"]

1.e4 g6 2.d4 Bg7 3.Nc3 c6 4.Nf3 d5 5.h3 Nf6 6.e5 Ne4 7.Nxe4 dxe4 8.Ng5 c5
9.c3 cxd4 10.Qxd4 Qc7 11.Bf4 Nc6 12.Bb5 O-O 13.Bxc6 Qxc6 14.Qxe4 Qb5 15.Qe2 Qa4
16.Bg3 b6 17.Qe4 Qxe4+ 18.Nxe4 Bb7 19.f3 Rfd8 20.Rd1 Bh6 21.Kf2 Rac8 22.Bh4 Kf8
23.Bg5 Bxg5 24.Nxg5 h6 25.Ne4 Bxe4 26.fxe4 Ke8 27.Ke3 Rxd1 28.Rxd1 e6 29.Rd3 Ke7
30.a4 Rc4 31.b3 Rc6 32.c4 Rc7 33.Kd4 Rd7+ 34.Kc3 Rc7 35.b4 f6 36.c5 a5 37.exf6+ Kxf6
38.Kd4 bxc5+ 39.bxc5 g5 40.e5+ Ke7 41.Kc4 Rb7 42.c6 Rb4+ 43.Kc5 Rxa4 44.c7 Ra2
45.Rd8  1-0

[Event "Gibraltar Masters 2019"]
[Site "Caleta ENG"]
[Date "2019.01.31"]
[Round "10.52"]
[White "Kulon,K"]
[Black "Goryachkina,A"]
[Result "1/2-1/2"]
[WhiteElo "2347"]
[BlackElo "2518"]

1.e4 c6 2.d4 d5 3.exd5 cxd5 4.Bd3 Nc6 5.c3 Nf6 6.h3 g6 7.Qc2 e5 8.dxe5 Nxe5
9.Qe2 Qe7 10.Bb5+ Bd7 11.Bg5 Bxb5 12.Qxb5+ Nc6+ 13.Ne2 a6 14.Qd3 Qe4 15.Qd2 Qxg2
16.Rg1 Qxh3 17.Rg3 Qh1+ 18.Rg1 Qf3 19.Rg3 Qh1+ 20.Rg1 Qf3 21.Rg3 Qh1+ 22.Rg1  1/2-1/2

[Event "Gibraltar Masters 2019"]
[Site "Caleta ENG"]
[Date "2019.01.31"]
[Round "10.51"]
[White "Galinsky,T"]
[Black "Hanley,C"]
[Result "0-1"]
[WhiteElo "2365"]
[BlackElo "2452"]

1.d4 e6 2.Nf3 c5 3.c3 Nc6 4.e4 d5 5.exd5 Qxd5 6.Be3 cxd4 7.cxd4 Nf6 8.Nc3 Bb4
9.a3 Bxc3+ 10.bxc3 O-O 11.c4 Qd6 12.Bd3 b6 13.O-O Bb7 14.c5 bxc5 15.Rb1 Qe7
16.dxc5 Rfd8 17.Bg5 Rd7 18.Bxf6 gxf6 19.Qc2 f5 20.Rfe1 Qf6 21.Bb5 Rc7 22.Qd2 Rac8
23.Rb3 Qg7 24.Rd3 h6 25.g3 Qf8 26.Rd6 Kh7 27.Bxc6 Bxc6 28.Ne5 Be8 29.c6 Bxc6
30.Nxc6 Rxc6 31.Rxc6 Rxc6 32.Qd7 Ra6 33.a4 Kg7 34.Qd4+ Kg6 35.h4 Qg7 36.h5+ Kh7
37.Qd7 Ra5 38.Rd1 f4 39.Qd3+ Rf5 40.Rc1 Qg5 41.Rc8 fxg3 42.fxg3 Kg7 43.Qa3 Rd5
44.Qf8+ Kf6 45.Qh8+ Qg7 46.g4 Qxh8 47.Rxh8 Rg5  0-1

[Event "Gibraltar Masters 2019"]
[Site "Caleta ENG"]
[Date "2019.01.31"]
[Round "10.50"]
[White "Zhukova,N"]
[Black "Iniyan,P"]
[Result "0-1"]
[WhiteElo "2377"]
[BlackElo "2456"]

1.d4 Nf6 2.c4 g6 3.Nc3 Bg7 4.e4 d6 5.f4 O-O 6.Nf3 c5 7.d5 e6 8.dxe6 fxe6
9.Bd3 Nc6 10.O-O a6 11.Kh1 Nd4 12.Be3 Ng4 13.Bd2 Nxf3 14.gxf3 Nf6 15.f5 exf5
16.exf5 Nh5 17.fxg6 Qh4 18.gxh7+ Kh8 19.Qe1 Qh3 20.Ne4 Be5 21.Rf2 Nf4 22.Bxf4 Rxf4
23.Ng3 Be6 24.Re2 Rh4 25.Rg2 Rf8 26.Be4 Bxc4 27.Rd1 Bxa2 28.Nf5 Rxh7 29.Nxd6 Qxh2+
30.Rxh2 Rxh2+ 31.Kg1 Rg8+ 32.Kf1 Rh1+ 33.Ke2 Rxe1+ 34.Rxe1 Bxd6 35.Rh1+ Kg7
36.Rh7+ Kf6 37.Rxb7 Rb8 38.Rxb8 Bxb8  0-1

[Event "Gibraltar Masters 2019"]
[Site "Caleta ENG"]
[Date "2019.01.31"]
[Round "10.109"]
[White "Giulian,P"]
[Black "Hewson,Brian W R"]
[Result "1/2-1/2"]
[WhiteElo "2165"]
[BlackElo "2006"]

1.d4 d5 2.c4 c6 3.Nf3 Nf6 4.Nc3 e6 5.e3 Nbd7 6.Bd3 Bd6 7.e4 dxe4 8.Nxe4 Nxe4
9.Bxe4 Qc7 10.O-O Nf6 11.Bc2 Bd7 12.b3 c5 13.dxc5 Bxc5 14.Bb2 Bc6 15.Ne5 Rd8
16.Qe2 Bd4 17.Bxd4 Rxd4 18.Rad1 Rxd1 19.Rxd1 O-O 20.Nxc6 Qxc6 21.h3 Rc8 22.Rd4 Qb6
23.Qd2 g6 24.b4 Qc7 25.Bb3 Kg7 26.a3 b6 27.Qd3 Qe5 28.Qd2 h6 29.Bd1 Qc7 30.Be2 e5
31.Rd3 Qxc4 32.Re3 Qc1+  1/2-1/2

[Event "Gibraltar Masters 2019"]
[Site "Caleta ENG"]
[Date "2019.01.31"]
[Round "10.107"]
[White "Hamer,M"]
[Black "Martinez Martin,D"]
[Result "0-1"]
[WhiteElo "2046"]
[BlackElo "2416"]

1.d4 Nf6 2.c4 g6 3.Nc3 Bg7 4.e4 d6 5.Be2 O-O 6.Be3 a6 7.Qd2 c6 8.f3 e5 9.d5 cxd5
10.cxd5 b5 11.g4 Nbd7 12.Nh3 Nb6 13.b3 Nh5 14.Bf1 Nf4 15.Nxf4 exf4 16.Bd4 Bxd4
17.Qxd4 Nd7 18.h4 Ne5 19.Kf2 Bd7 20.Ne2 Rc8 21.Nxf4 Qf6 22.Kg3 b4 23.g5 Qg7
24.Nd3 f6 25.f4 Nxd3 26.Bxd3 fxg5 27.Qxg7+ Kxg7 28.Bxa6 gxf4+ 29.Kf3 Rc3+
30.Ke2 f3+ 31.Kd2 f2 32.Bc4 Bh3 33.Bf1 Bg4 34.Rh2 Rf4 35.Rc1 Rg3  0-1

[Event "Gibraltar Masters 2019"]
[Site "Caleta ENG"]
[Date "2019.01.31"]
[Round "10.46"]
[White "Sosa,T ARG"]
[Black "Pigott,J"]
[Result "1/2-1/2"]
[WhiteElo "2499"]
[BlackElo "2387"]

1.e4 d6 2.d4 Nf6 3.Nc3 g6 4.Nf3 Bg7 5.Be2 O-O 6.O-O c6 7.a4 Qc7 8.Be3 Nbd7
9.a5 e5 10.dxe5 Nxe5 11.Nxe5 dxe5 12.Bc4 Nh5 13.Bc5 Rd8 14.Qf3 Nf4 15.Rfd1 Rxd1+
16.Nxd1 Be6 17.Ne3 Bf8 18.Bxf8 Rxf8 19.Bxe6 fxe6 20.Qd1 Qe7 21.Qf1 Qb4 22.g3 Nh5
23.Qc4 Qxb2 24.Qxe6+ Kg7 25.Rd1 Nf6 26.Rd8 Rf7 27.h4 Qc3 28.Kg2 Qxa5 29.Ra8 Qc5
30.Qc8 Qd4 31.g4 Qxe4+ 32.Kg1 Qf4 33.g5 Ne8 34.Qxe8 Qxf2+ 35.Kh1 Qxh4+ 36.Kg1 Qe1+
37.Kh2 Qh4+ 38.Kg1 Qxg5+ 39.Ng2 Qc1+ 40.Kh2 Qh6+ 41.Kg1 Qc1+ 42.Kh2 Qxc2
43.Qxe5+ Kh6 44.Qe3+ g5 45.Rg8 Qf5 46.Qxa7 Qe5+ 47.Kg1 Rd7 48.Qa4 Qd4+ 49.Qxd4 Rxd4
50.Ne3 Kh5 51.Rg7 b5 52.Rxh7+ Kg6 53.Rc7 Rd6 54.Kf1 Kf6 55.Nc2 Ke6 56.Nb4 Rd1+
57.Ke2 Rc1 58.Rxc6+ Rxc6 59.Nxc6 Kd5 60.Nb4+ Kc4 61.Na6 b4  1/2-1/2

[Event "Gibraltar Masters 2019"]
[Site "Caleta ENG"]
[Date "2019.01.31"]
[Round "10.45"]
[White "Krysa,L"]
[Black "Shvayger,Y"]
[Result "1-0"]
[WhiteElo "2499"]
[BlackElo "2387"]

1.Nf3 d5 2.e3 Nf6 3.c4 e6 4.Nc3 c5 5.cxd5 exd5 6.d4 Nc6 7.Bb5 cxd4 8.Nxd4 Bd7
9.O-O Bd6 10.b3 O-O 11.Bb2 Qe7 12.Nf3 Be6 13.Rc1 Rfd8 14.Ne2 Rac8 15.Ned4 Bd7
16.Rc2 Bb8 17.Nxc6 Bxc6 18.Be2 Qd6 19.Be5 Qe7 20.Qd4 Bxe5 21.Nxe5 Be8 22.Rfc1 Rxc2
23.Rxc2 a6 24.h3 Qd6 25.Bf3 h6 26.h4 Bd7 27.Nxd7 Qxd7 28.g4 Qe7 29.Qf4 Ne8
30.g5 hxg5 31.hxg5 g6 32.Kg2 Kf8 33.Rc1 Kg8 34.Rh1 Rd6 35.Kf1 Qe6 36.Qd4 Kf8
37.Rh8+ Ke7 38.Qb4 b6 39.Qf4 Rd8 40.Rh7 a5 41.Bg4  1-0

[Event "Gibraltar Masters 2019"]
[Site "Caleta ENG"]
[Date "2019.01.31"]
[Round "10.44"]
[White "Kavutskiy,K"]
[Black "Dragnev,Valentin"]
[Result "1/2-1/2"]
[WhiteElo "2424"]
[BlackElo "2511"]

1.Nf3 Nf6 2.g3 d5 3.Bg2 Bf5 4.O-O e6 5.d3 Be7 6.b3 O-O 7.Bb2 c5 8.Nbd2 Nc6
9.Ne5 Nxe5 10.Bxe5 Bg6 11.h3 Nd7 12.Bb2 Bf6 13.Qc1 Rb8 14.Bxf6 Nxf6 15.c4 d4
16.b4 b6 17.bxc5 bxc5 18.Qa3 Qc7 19.Rab1 Rb6 20.Rb5 Rxb5 21.cxb5 Rb8 22.Bc6 Nd5
23.Qxc5 Nc3 24.Re1 Nxb5 25.Nf3 a6 26.Rc1 Nc3 27.Nxd4 Nxa2 28.Bf3 Rb1 29.Qxc7 Rxc1+
30.Qxc1 Nxc1 31.Kf1 Na2 32.h4 Nb4 33.Ke1 e5 34.Nb3 f6 35.Kd2 Bf7 36.Na5 Bd5
37.e4 Be6 38.Kc3 Na2+ 39.Kb2 Nb4 40.Kc3 Na2+ 41.Kb2 Nb4 42.Kc3  1/2-1/2

[Event "Gibraltar Masters 2019"]
[Site "Caleta ENG"]
[Date "2019.01.31"]
[Round "10.43"]
[White "Demuth,A"]
[Black "Bulmaga,I"]
[Result "1/2-1/2"]
[WhiteElo "2517"]
[BlackElo "2407"]

1.c4 Nf6 2.Nc3 e5 3.Nf3 Nc6 4.e3 d5 5.cxd5 Nxd5 6.Bb5 Nxc3 7.bxc3 Bd7 8.d4 Bd6
9.O-O O-O 10.Bxc6 Bxc6 11.dxe5 Bxf3 12.Qxf3 Bxe5 13.Ba3 Re8 14.Qxb7 Bxc3
15.Rad1 Qb8 16.Qc6 Be5 17.Rb1 Qc8 18.Rfd1 h6 19.g3 Rb8 20.Bc5 Rxb1 21.Rxb1 Re6
22.Qd5 a6 23.Ba7 c6 24.Qc4 Re7 25.Bd4 Bxd4 26.Qxd4 c5 27.Qc4 Rb7 28.Rc1 Rb2
29.Qxc5 Qxc5 30.Rxc5 Rxa2 31.Rc8+ Kh7 32.Ra8 Kg6 33.Kg2 a5 34.h4 h5 35.Kf3 a4
36.e4 a3 37.Ra6+ f6 38.e5 Ra1 39.exf6 gxf6 40.Kf4 Ra2 41.Ke3 Kf5 42.Ra4 Ra1
43.Kf3 Ra2  1/2-1/2

[Event "Gibraltar Masters 2019"]
[Site "Caleta ENG"]
[Date "2019.01.31"]
[Round "10.42"]
[White "Hjartarson,J"]
[Black "Kiik,K"]
[Result "1/2-1/2"]
[WhiteElo "2530"]
[BlackElo "2410"]

1.d4 d5 2.c4 e6 3.Nc3 c5 4.cxd5 exd5 5.Nf3 Nc6 6.g3 Nf6 7.Bg2 Be7 8.O-O O-O
9.Bg5 cxd4 10.Nxd4 h6 11.Be3 Re8 12.Rc1 Bb4 13.a3 Ba5 14.Nxc6 bxc6 15.Na4 Bd7
16.Nc5 Bb6 17.Bd4 Bxc5 18.Bxc5 Bg4 19.Re1 Qd7 20.Bd4 Nh7 21.Qc2 Rac8 22.b4 Ng5
23.Qb2 f6 24.h4 Nf7 25.e4 dxe4 26.Rxe4 Rxe4 27.Bxe4 Nd6 28.Bg2 Be6 29.Bc5 Nc4
30.Qc3 Rd8 31.a4 Ne5 32.f4 Nd3 33.Rd1 Bf5 34.Qc4+ Be6 35.Qe4 Bb3 36.Rd2 Bxa4
37.Qg6 Qf7 38.Be4 Qxg6 39.Bxg6 Bb5 40.Bxa7 Ra8 41.Bc5 Nxc5 42.bxc5 Kf8 43.Rd7 Bc4
44.Be4 Ra5 45.Bxc6  1/2-1/2

[Event "Gibraltar Masters 2019"]
[Site "Caleta ENG"]
[Date "2019.01.31"]
[Round "10.41"]
[White "Horvath,Dominik"]
[Black "Ernst,S"]
[Result "0-1"]
[WhiteElo "2417"]
[BlackElo "2540"]

1.c4 d6 2.Nc3 g6 3.g3 Bg7 4.Bg2 Nf6 5.e4 O-O 6.Nge2 c5 7.d3 Nc6 8.O-O Bd7
9.h3 a6 10.Be3 Rb8 11.a4 Ne8 12.d4 cxd4 13.Nxd4 Nc7 14.a5 Ne6 15.Nb3 Bxc3
16.bxc3 Ne5 17.Bh6 Re8 18.f4 Nxc4 19.f5 Nf8 20.Nd4 Ne5 21.Qd2 Rc8 22.Rf4 Qc7
23.Rc1 f6 24.Rh4 Qxa5 25.Nf3 Nc4 26.Qf4 gxf5 27.Bxf8 Rxf8 28.exf5 Qxf5 29.Qxf5 Bxf5
30.Nd4 Ne3 31.Bxb7 Rc7 32.Bxa6 e5 33.Nxf5 Nxf5 34.Rg4+ Kh8 35.Kf2 d5 36.Rd1 Rxc3
37.Rxd5 Ne3  0-1

[Event "Gibraltar Masters 2019"]
[Site "Caleta ENG"]
[Date "2019.01.31"]
[Round "10.40"]
[White "Santos Ruiz,Miguel"]
[Black "Ladron de Guevara Pinto,P"]
[Result "1/2-1/2"]
[WhiteElo "2543"]
[BlackElo "2418"]

1.c4 e6 2.Nc3 d5 3.d4 Nf6 4.cxd5 exd5 5.Bg5 Be7 6.e3 c6 7.Bd3 Nbd7 8.h3 Nf8
9.Bf4 Ne6 10.Be5 Nd7 11.Bh2 b5 12.Nf3 O-O 13.O-O b4 14.Na4 c5 15.dxc5 Ndxc5
16.Nxc5 Nxc5 17.Be2 Bb7 18.Be5 Rc8 19.a3 bxa3 20.Rxa3 a5 21.Ra2 Ra8 22.Nd4 g6
23.Nb5 Ne6 24.Nc3 f6 25.Bh2 Bb4 26.Bf3 Bxc3 27.bxc3 Ng5 28.Be2 Qc8 29.Qd4 Kg7
30.Rfa1 Ne4 31.Rxa5 Qxc3 32.Qxc3 Nxc3 33.Bf1 Rxa5 34.Rxa5 Ra8 35.Rxa8 Bxa8
36.Bd6 Kf7 37.Bb4 Ne4 38.f3 Ng5 39.Bb5 Ke6 40.Kf2 Nf7 41.g4 Ne5 42.Be2 Bc6
43.Bc3 Nc4 44.h4 Nd6 45.Bd3 Be8 46.Kg3 Nc4 47.Bd4 Nd6 48.Kf4 h6 49.Kg3 Bf7
50.Bc5 Be8 51.Bc2 Ke5 52.Bb3 Nc4 53.Kf2 Bb5 54.Bc2 Be8 55.Bb1 Ke6 56.Bd3 Ne5
57.Bf1 Ba4 58.Be2 Bc2 59.Bf8 h5 60.gxh5 gxh5 61.Kg3 Kf5 62.Bd6 Bd3 63.Bd1 Nc4
64.Bc5 Nb2 65.Bb3 Bc4 66.Bc2+ Bd3 67.Bd4 Bxc2  1/2-1/2

[Event "Gibraltar Masters 2019"]
[Site "Caleta ENG"]
[Date "2019.01.31"]
[Round "10.39"]
[White "Tokhirjonova,Gulrukhbegim"]
[Black "Kadric,D"]
[Result "0-1"]
[WhiteElo "2446"]
[BlackElo "2545"]

1.d4 Nf6 2.Bf4 c5 3.e3 d5 4.c3 Nc6 5.Nd2 e6 6.Ngf3 Bd6 7.Ne5 Qc7 8.Bb5 O-O
9.Bxc6 bxc6 10.O-O Rb8 11.b3 cxd4 12.cxd4 Ba6 13.Re1 c5 14.Rc1 Rfc8 15.a3 Qb6
16.dxc5 Rxc5 17.Rxc5 Qxc5 18.b4 Qc3 19.Qa1 Rc8 20.Qxc3 Rxc3 21.Nb1 Rc2 22.Nf3 Bxf4
23.exf4 Bd3 24.h3 Ne4 25.Ne5 Nxf2 26.a4 f6 27.Nc6 Nxh3+ 28.gxh3 Rxc6 29.Nd2 Rc2
30.Nb3 Rc4 31.Rxe6 Rxb4 32.Nc5 Bf5 33.Ra6 Rc4 34.Nb3 Bc2 35.Na5 Rxa4 36.Rxa7 Bf5
37.h4 h5 38.Nc6 Rxa7 39.Nxa7 Bd7  0-1

[Event "Gibraltar Masters 2019"]
[Site "Caleta ENG"]
[Date "2019.01.31"]
[Round "10.38"]
[White "Lei Tingjie"]
[Black "Peralta,Fe"]
[Result "1-0"]
[WhiteElo "2447"]
[BlackElo "2580"]

1.e4 d6 2.d4 Nf6 3.f3 c5 4.d5 e6 5.c4 b5 6.dxe6 Bxe6 7.cxb5 d5 8.Ne2 Bd6
9.Bf4 Be7 10.exd5 Bxd5 11.Nbc3 O-O 12.Qd2 a6 13.O-O-O Bb7 14.Ng3 Nbd7 15.Nf5 Re8
16.Bd6 Bf8 17.Bxf8 Rxf8 18.Nd6 Bc8 19.g4 Nb6 20.g5 Ne8 21.Nxc8 Qxc8 22.bxa6 c4
23.h4 Rxa6 24.h5 Qa8 25.Kb1 Qxf3 26.Bg2 Qf5+ 27.Be4 Qe5 28.Bc2 Nc7 29.h6 g6
30.Rhe1 Qc5 31.Ne4 Qa5 32.Qd4 Ne6 33.Nf6+ Kh8 34.Rxe6 fxe6 35.Nd5+  1-0